000 00626nam a2200217Ii 4500
001 3791
003 CO-ViMGA
008 241108s9999||||xx |||||||||||||| ||und||
020 _a01203754
040 _aCO-ViMGA
_bspa
_erda
_cCO-ViMGA
041 0 _aspa
082 0 4 _a350 E84ad
110 1 _aEscuela Superior de Administración Pública,
_952844
245 1 0 _aAdministración y desarrollo
264 1 _aBogotá, Colombia : ESAP, 1983
300 _avolumen
336 _atext
_btxt
_2rdacontent
337 _aunmediated
_bn
_2rdamedia
338 _avolume
_bnc
_2rdacarrier
940 _aidficha_siabuc: 3702. -- ficha_no_siabuc:3791
999 _c47817
_d47817